<?xml version="1.0" encoding="UTF-8"?>
<record
    xmlns:xsi="http://www.w3.org/2001/XMLSchema-instance"
    xsi:schemaLocation="http://www.loc.gov/MARC21/slim http://www.loc.gov/standards/marcxml/schema/MARC21slim.xsd"
    xmlns="http://www.loc.gov/MARC21/slim">

  <leader>03157    a2200325   4500</leader>
  <controlfield tag="003">Nust</controlfield>
  <controlfield tag="005">20170207154052.0</controlfield>
  <datafield tag="010" ind1=" " ind2=" ">
    <subfield code="a">  2007026413</subfield>
  </datafield>
  <datafield tag="020" ind1=" " ind2=" ">
    <subfield code="a">0470319240 (cloth)</subfield>
  </datafield>
  <datafield tag="020" ind1=" " ind2=" ">
    <subfield code="a">9780470319246 (cloth)</subfield>
  </datafield>
  <datafield tag="035" ind1=" " ind2=" ">
    <subfield code="a">(OCoLC)152580734</subfield>
  </datafield>
  <datafield tag="035" ind1=" " ind2=" ">
    <subfield code="a">(OCoLC)ocn152580734</subfield>
  </datafield>
  <datafield tag="040" ind1=" " ind2=" ">
    <subfield code="c">Nust</subfield>
  </datafield>
  <datafield tag="082" ind1="0" ind2="0">
    <subfield code="a">332.673</subfield>
  </datafield>
  <datafield tag="100" ind1="1" ind2=" ">
    <subfield code="a">Rachel E.S. Ziemba and William T. Ziemba.</subfield>
  </datafield>
  <datafield tag="245" ind1="1" ind2="0">
    <subfield code="a">Scenarios for risk management and global investment strategies (E-Book)</subfield>
    <subfield code="c">Rachel E.S. Ziemba and William T. Ziemba.</subfield>
  </datafield>
  <datafield tag="260" ind1=" " ind2=" ">
    <subfield code="a">Chichester, England ;</subfield>
    <subfield code="a">Hoboken, NJ :</subfield>
    <subfield code="b">John Wiley &amp; Sons,</subfield>
    <subfield code="c">c2007.</subfield>
  </datafield>
  <datafield tag="300" ind1=" " ind2=" ">
    <subfield code="a">xviii, 315 p. :</subfield>
    <subfield code="b">ill. ;</subfield>
    <subfield code="c">26 cm.</subfield>
  </datafield>
  <datafield tag="440" ind1=" " ind2="0">
    <subfield code="a">Wiley finance series</subfield>
  </datafield>
  <datafield tag="505" ind1="0" ind2=" ">
    <subfield code="a">Acknowledgements -- Preface -- About the authors -- Investment strategies: using the Kelly capital growth criterion -- Take a chance -- The capital growth theory of investment -- Betting on unpopular lotto numbers using the Kelly criterion -- Good and bad properties of the Kelly criterion -- Calculating the optimal Kelly fraction -- The great investors, their methods and how we evaluate them: theory -- The great investors, a way to evaluate them -- The methods and results of managing top US university endowments -- Investment strategies: hedge funds -- Hedge fund concepts and a typical convergence trade: Nikkei put warrant risk arbitrage -- The recipe for disaster: how to lose money in derivatives -- Hedge fund risk, disasters and their prevention: the failure of long term capital management -- The imported crash of October 27 and 28, 1997 -- The 2006 Amaranth Advisors natural gas hedge fund disaster -- Towards scenarios: country studies -- Letter from Cairo -- Threats, challenges and opportunities of China -- Chinese investment markets: hedge fund scenario analysis -- Springtime in Buenos Aires: prospects for investment, how deep is the recovery? -- Cyprus: on the outer edge of Europe, in the middle of the Mediterranean -- Is Iceland's growth spurt threatened by financial vulnerabilities? -- Would a bridge connect Sicily's economy to Europe's heart? -- Scenario analysis: the stochastic programming approach to managing risk -- Hedge and pension fund risk, disasters and their prevention -- Setting the scenario -- Hedge fund scenario analysis -- Some approaches for scenario generation and reduction -- Useful economic fundamentals to generate scenarios -- Some mathematical approaches for scenario generation and reduction -- Minimizing the effects of disasters by planning ahead -- Appendix: The great investors: some useful books -- Bibliography -- Index.</subfield>
  </datafield>
  <datafield tag="650" ind1=" " ind2="0">
    <subfield code="a">International finance.</subfield>
  </datafield>
  <datafield tag="650" ind1=" " ind2="0">
    <subfield code="a">Investment analysis.</subfield>
  </datafield>
  <datafield tag="650" ind1=" " ind2="0">
    <subfield code="a">Investments, Foreign.</subfield>
  </datafield>
  <datafield tag="650" ind1=" " ind2="0">
    <subfield code="a">Risk management.</subfield>
  </datafield>
  <datafield tag="651" ind1=" " ind2=" ">
    <subfield code="a">Scenarios for risk management and global investment strategies (E-Book)</subfield>
  </datafield>
  <datafield tag="700" ind1="1" ind2=" ">
    <subfield code="a">Ziemba, W. T.</subfield>
  </datafield>
  <datafield tag="856" ind1="4" ind2="2">
    <subfield code="3">Contributor biographical information</subfield>
    <subfield code="u">http://www.loc.gov/catdir/enhancements/fy0741/2007026413-b.html</subfield>
  </datafield>
  <datafield tag="856" ind1="4" ind2="2">
    <subfield code="3">Publisher description</subfield>
    <subfield code="u">http://www.loc.gov/catdir/enhancements/fy0741/2007026413-d.html</subfield>
  </datafield>
  <datafield tag="856" ind1="4" ind2="2">
    <subfield code="3">Table of contents only</subfield>
    <subfield code="u">http://www.loc.gov/catdir/enhancements/fy0741/2007026413-t.html</subfield>
  </datafield>
  <datafield tag="942" ind1=" " ind2=" ">
    <subfield code="2">ddc</subfield>
    <subfield code="c">BK</subfield>
  </datafield>
  <datafield tag="999" ind1=" " ind2=" ">
    <subfield code="c">193139</subfield>
    <subfield code="d">193139</subfield>
  </datafield>
  <datafield tag="952" ind1=" " ind2=" ">
    <subfield code="0">0</subfield>
    <subfield code="1">0</subfield>
    <subfield code="2">ddc</subfield>
    <subfield code="4">0</subfield>
    <subfield code="7">0</subfield>
    <subfield code="8">NFIC</subfield>
    <subfield code="a">MCS</subfield>
    <subfield code="b">MCS</subfield>
    <subfield code="d">2016-12-12</subfield>
    <subfield code="l">0</subfield>
    <subfield code="o">332.673  ZIE</subfield>
    <subfield code="p">MCSEB-2873</subfield>
    <subfield code="r">2016-12-08</subfield>
    <subfield code="w">2016-12-12</subfield>
    <subfield code="y">BK</subfield>
  </datafield>
</record>
